Sponges of Andaman and Nicobar Islands / (Record no. 198449)

MARC details
000 -LEADER
fixed length control field 00691nam a22002177a 4500
005 - DATE AND TIME OF LATEST TRANSACTION
control field 20230920125255.0
010 ## - LCCN (DPL NO)
LC control number ENG-138200
020 ## - INTERNATIONAL STANDARD BOOK NUMBER
International Standard Book Number 9788181714572
Terms of availability 790.00
035 ## - SYSTEM CONTROL NUMBER
System control number EN-121732
037 ## - SOURCE OF ACQUISITION
Source of stock number/acquisition DBAD/PUB
082 ## - DEWEY DECIMAL CLASSIFICATION NUMBER
Classification number 593.4095436
100 ## - MAIN ENTRY--PERSONAL NAME
Personal name Raghunathan, C.
245 ## - TITLE STATEMENT
Title Sponges of Andaman and Nicobar Islands /
Statement of responsibility, etc By C. Raghunathan...[et.al]
260 ## - PUBLICATION, DISTRIBUTION, ETC. (IMPRINT)
Place of publication, distribution, etc Kolkata
Name of publisher, distributor, etc Zoological Survey of India
Date of publication, distribution, etc 2017
270 ## - ADDRESS
Address M- Block, New Alipore
City Kolkata
Postal code 700053
300 ## - PHYSICAL DESCRIPTION
Extent 112 p.
Dimensions 24cm(pbk)
700 ## - ADDED ENTRY--PERSONAL NAME
Personal name Immanuel, Titus
Relator term Author
9 (RLIN) 56915
700 ## - ADDED ENTRY--PERSONAL NAME
Personal name Raghuraman, R.
9 (RLIN) 57096
700 ## - ADDED ENTRY--PERSONAL NAME
Personal name Venkataraman, K.
9 (RLIN) 57097
942 ## - ADDED ENTRY ELEMENTS (KOHA)
Source of classification or shelving scheme Dewey Decimal Classification
Item type English Books
Classification part 593.4095436
Call number suffix RAG
Holdings
Withdrawn status Lost status Not for loan Collection code Home library Current library Date acquired Source of acquisition Cost, normal purchase price Full call number Barcode Copy number Cost, replacement price Koha item type
      Non-fiction Tri Nagar Tri Nagar 20/09/2023 DBAD/PUB 790.00 593.4095436 RAG EN-121732 1 790.00 English Books

© Delhi Public Library
Hit Counter
free hit counter